| 000 | 01090naa a22002897a 4500 | ||
|---|---|---|---|
| 001 | BR9101620 | ||
| 003 | BR-BrBNA | ||
| 005 | 20240918180648.0 | ||
| 007 | ta | ||
| 008 | 230509b bl.||||| |||| 00| 0 por d | ||
| 040 |
_aBR-BrBNA _bpor _cBiblioteca Nacional de Agricultura |
||
| 041 | _a(Pt) | ||
| 072 | _aF02; F30 | ||
| 090 | _aF02 BR9101620 | ||
| 100 | 1 | _aGiacometti, D.C. | |
| 245 | 1 | _aImpacto atual da cultura de tecidos de plantas | |
| 260 | 3 |
_aBrasilia, DF (Brasil): _c1990. |
|
| 500 | _aTorres, A.C.; Caldas, L.S. (eds.) Tecnicas e aplicacoes da cultura de tecidos de plantas Brasilia, DF (Brasil): 1990. p. 19-25 (BR9101620-AM)F02 | ||
| 650 | _aCULTURA DE TECIDO | ||
| 650 | _aREPRODUCAO VEGETAL | ||
| 650 | _aMICROPROPAGACAO | ||
| 650 | _aGERMOPLASMA | ||
| 650 | _aMANEJO | ||
| 773 | 0 |
_tTecnicas e aplicacoes da cultura de tecidos de plantas _aTorres, A.C.; Caldas, L.S. (eds.). Centro Nacional de Pesquisa de Hortalicas, Brasilia, DF (Brasil) _wF02 BR9101620 _gBrasilia, DF (Brasil), 1990. p. 19-25 |
|
| 909 |
_a202404 _bLucia _c55 _dLucia Elande |
||
| 942 |
_cAM _2AGRIS |
||
| 999 |
_c321574 _d321574 |
||